000 01199njm a22002897a 4500
005 20100901115333.0
006 a|||||r|||||00| 0
007 sd ammalaaahaa
008 100901t xxu||||| |||| 00| 0 eng d
028 _aN 52805
_bHis Master's Voice
035 _aGR-536
040 _aSED
_cSED
100 _917891
_aBhosle, Asha
245 _aPhir Subha Hogi /
_h[Sound recording]
_bby Asha Bhosle , Mohd Rafi & Chorus ; music by Khayyam ; lyrices by Saahir
246 _aफिर सुबह होगी / आशा भोसले
260 _aDUM DUM, India
_bHis Master's Voice
300 _a1 Sound disc [Gramophone Recording] :
_banalog, 33 1/3 rpm
_c9.5 in. (MP)
_fGramophone Record
500 _aBrief record
505 _aSide-1 दो बुँदे शावन की ( Do bunde shavan ki ) Side-2 सब की हो ख़ैर बाबा (sab ki ho khaer baba) ( Asha Bhosle)
650 _aClassical music
_xExcerpts
_zIndia
_917892
700 _918192
_aRafi, Mahd
700 _aChorus
_918311
700 _aSaahir
_918392
700 _aKhayyam
_918354
942 _2ddc
_cGR
999 _c43818
_d43818